Statistics for Subnautica flora

Click here to take the quiz!

General Stats

  • This quiz has been taken 24 times
  • The average score is 10 of 48

Answer Stats

Answer% Correct
creepvine
82%
acid mushroom
59%
bloodvine
47%
sea crown
47%
bulb bush
35%
deep shroom
35%
eye stalk
35%
jellyshroom
35%
tiger plant
35%
furled papyrus
29%
gabe's feather
29%
gel sack
29%
membrain tree
29%
bloodroot
24%
blue palm
24%
ghost weed
24%
lantern tree
24%
redwort
24%
writhing weed
24%
anchor pod
18%
bulbo tree
18%
cave bush
18%
chinese potato plant
18%
marblemelon plant
18%
regress shell
18%
tree leech
18%
blood grass
12%
brine lily
12%
crab claw kelp
12%
drooping stingers
12%
fern palm
12%
giant cove tree
12%
grub basket
12%
jaffa cup
12%
ming plant
12%
pink cap
12%
purple pinecone
12%
pygmy fan
12%
rouge cradle
12%
speckled rattler
12%
spiked horn grass
12%
spotted dockleaf
12%
sulphur plant
12%
veined nettle
12%
voxel shrub
12%
spotted reeds
6%
grue cluster
0%
violet boul
0%

Score Distribution

Percentile by Number Answered

Percent of People with Each Score

Your Score History

You have not taken this quiz